000 00666nam a2200193Ia 4500
008 131103s9999 xx 000 0 und d
040 _aLoreto College
041 _aEnglish
082 _a822.4/AGO
_b#NAME?
245 _aTwentieth century interpretations of Samson Agonistes
_b a collection of critical essays
_cedites by Calbraith M. Crump
260 _aEnglewood Cliffs
_bPrentice - Hall
_c1968
300 _aviii,120 p.
_c 20 cm.
504 _aIncludes bibliographical references
650 _aEnglish Drama
651 _aMilton,John - Samson Agonistes - Criticism and interpretations
700 _aCrump,Calbraith M.,ed.
850 _aLCLIB
942 _cBK
999 _c4182
_d54661